[Event "Pacific Southwest op 46th"]
[Site "Los Angeles"]
[Date "2006.07.04"]
[Round "6"]
[White "Slupik, Christopher"]
[Black "De Sa, Christopher Matthew"]
[Result "0-1"]
[WhiteElo "2134"]
[BlackElo "2181"]
[PlyCount "80"]
[EventDate "2006.07.01"]
[EventType "swiss"]
[EventRounds "7"]
[EventCountry "USA"]
[SourceTitle "CBM 113 Extra"]
[Source "ChessBase"]
[SourceDate "2006.09.14"]
[SourceVersion "1"]
[SourceVersionDate "2006.09.14"]
[SourceQuality "1"]

1. d4 Nf6 2. c4 g6 3. Nc3 d5 4. Nf3 Bg7 5. e3 0-0 6. cxd5 Nxd5 7. Bc4 Nb6 8. Bb3 Nc6 9. 0-0 Na5 10. Qe2 Nxb3 11. axb3 Be6 12. Ra3 c6 13. Rd1 Qc7 14. e4 a6 15. Be3 Rfd8 16. h3 h6 17. Qd2 Kh7 18. Ne2 Nc8 19. Nf4 Bd7 20. Raa1 Nd6 21. Qc2 Rac8 22. g4 Nb5 23. e5 Be8 24. Ra4 Qb8 25. Qc5 e6 26. Qc2 Nc7 27. g5 Nd5 28. Nh5 Nxe3 29. fxe3 c5 30. Rc4 b5 31. Rc3 Bc6 32. Nxg7 Bxf3 33. Rf1 Qb7 34. Qf2 Kxg7 35. gxh6+ Kxh6 36. Qh4+ Bh5 37. Qf4+ Kg7 38. Qf6+ Kg8 39. Rcc1 cxd4 40. exd4 Qd7 0-1